<?xml version="1.0" encoding="UTF-8"?><collection xmlns="info:lc/xmlns/marcxchange-v2"><record format="Unimarc" type="bibliographic"><leader>00756nam  2200253   450 </leader><controlfield tag="001">2608441</controlfield><controlfield tag="003">http://id.bnportugal.gov.pt/bib/porbase/2608441</controlfield><datafield ind1=" " ind2=" " tag="010"><subfield code="a">0-14-071047-7</subfield></datafield><datafield ind1=" " ind2=" " tag="035"><subfield code="a">(bn)1874556</subfield></datafield><datafield ind1=" " ind2=" " tag="100"><subfield code="a">20140528e19841983m  y0pory01030103ba</subfield></datafield><datafield ind1="0" ind2=" " tag="101"><subfield code="a">eng</subfield></datafield><datafield ind1=" " ind2=" " tag="102"><subfield code="a">GB</subfield></datafield><datafield ind1=" " ind2=" " tag="106"><subfield code="a">r</subfield></datafield><datafield ind1="1" ind2=" " tag="200"><subfield code="a">London 2</subfield><subfield code="e">south</subfield></datafield><datafield ind1=" " ind2=" " tag="205"><subfield code="a">1st publ.</subfield><subfield code="b">repr</subfield></datafield><datafield ind1=" " ind2="9" tag="210"><subfield code="a">Harmondsworth</subfield><subfield code="c">Penguin Books</subfield><subfield code="d">1984</subfield></datafield><datafield ind1=" " ind2=" " tag="215"><subfield code="a">813, [64] p.</subfield></datafield><datafield ind1="2" ind2=" " tag="225"><subfield code="a">?The ?building of England</subfield></datafield><datafield ind1=" " ind2=" " tag="675"><subfield code="a">726(=1:410)(091)(036)</subfield><subfield code="v">BN</subfield><subfield code="z">por</subfield><subfield code="3">2089147</subfield></datafield><datafield ind1=" " ind2=" " tag="675"><subfield code="a">725.1(=1:410)(091)(036)</subfield><subfield code="v">BN</subfield><subfield code="z">por</subfield><subfield code="3">2089148</subfield></datafield><datafield ind1=" " ind2="1" tag="700"><subfield code="a">Cherry</subfield><subfield code="b">Bridget</subfield><subfield code="f">1941-</subfield><subfield code="3">2057663</subfield></datafield><datafield ind1=" " ind2="1" tag="701"><subfield code="a">Pevsner</subfield><subfield code="b">Nikolaus</subfield><subfield code="f">1902-1983</subfield><subfield code="4">070</subfield><subfield code="3">2026437</subfield></datafield><datafield ind1=" " ind2="0" tag="801"><subfield code="a">PT</subfield><subfield code="b">BN</subfield><subfield code="g">RPC</subfield></datafield><datafield ind1=" " ind2=" " tag="966"><subfield code="l">BN</subfield><subfield code="m">FGMON</subfield><subfield code="p">Biblioteca Alberto de Lacerda</subfield><subfield code="s">B.A. 40432 V.</subfield><subfield code="x">3</subfield></datafield><datafield ind1=" " ind2=" " tag="997"><subfield code="a">BIBEOD</subfield></datafield></record></collection>